| 000 | 00722nam a2200217 a 4500 | ||
|---|---|---|---|
| 005 | 20230204063807.0 | ||
| 008 | 030707s1996 mx r 000 0 spa d | ||
| 020 | _a9684442017 | ||
| 035 | _aUPN01000127343 | ||
| 049 | _aCG | ||
| 050 | 4 |
_aLB1050 _bP3.4 |
|
| 100 | 1 |
_aPalacios Sierra, Margarita _929823 |
|
| 245 | 1 | 0 |
_aLeer para aprender / _cMargarita Palacios Sierra, Alva Valentina Canizal Arévalo, Yolanda Pérez Rodríguez. |
| 260 |
_aMéxico : _bAddison Wesley Longman, _c1996. |
||
| 300 | _a237 p. | ||
| 650 | 4 |
_aComprensión lectora _91537 |
|
| 650 | 4 |
_aLECTURA, PSICOLOGIA DE LA _96935 |
|
| 700 | 1 |
_aCanizal Arévalo, Alva Valentina, _ecoaut. |
|
| 700 | 1 |
_aPérez Rodríguez, Yolanda, _ecoaut. |
|
| 905 | _aLibro | ||
| 999 |
_c99522 _d99522 |
||